000 00817nam a2200241Ia 4500
003 GCL
005 20240530095559.0
008 140319s9999 xx 000 0 ara d
020 _a5125245977
040 _aGCL /
_cGCL
082 0 4 _a916.3
_bق/أ م
100 1 _aانغام عبدالمنعم ناجى
245 1 0 _aالمعالم الاثرية والسياحية فى مصر /
_cانغام عبدالمنعم ناجى
250 _aالاولى
260 _aالقاهرة :
_bدار نهضة الشرق ،
_c2004
300 _a616 ص ؛
_c24 سم
650 0 4 _aمصر - الاثار الاسلامية
650 0 4 _aمصر - الاثار الفرعونية
650 0 4 _aمصر - الاثار
650 0 4 _aالسياحة - مصر
700 1 _aهدى عبدالمنعم ناجى
942 _2ddc
_cBK
999 _c8546
_d8546